Utilizing of new work analysis and spatial analysis for reducing traffic congestion in mao tse toung boulevard phnom penh, ការប្រើប្រាស់និង ដើម្បីកាត់បន្ថយភាពកកស្ទះចរាចរណ៍នៅផ្លូវម៉ៅសេទុង រាជធានីភ្នំពេញ (Record no. 5737)
[ view plain ]
| 000 -LEADER | |
|---|---|
| fixed length control field | 00720nam a22001577a 4500 |
| 003 - CONTROL NUMBER IDENTIFIER | |
| control field | OSt |
| 005 - DATE AND TIME OF LATEST TRANSACTION | |
| control field | 20160106160159.0 |
| 008 - FIXED-LENGTH DATA ELEMENTS--GENERAL INFORMATION | |
| fixed length control field | 160106b xxu||||| |||| 00| 0 eng d |
| 040 ## - CATALOGING SOURCE | |
| Transcribing agency | RUA |
| 082 ## - DEWEY DECIMAL CLASSIFICATION NUMBER | |
| Classification number | LMA SRO 2011 B319 Or.1 |
| 100 ## - MAIN ENTRY--PERSONAL NAME | |
| 9 (RLIN) | 6161 |
| Personal name | SRONG, SOKKHUOCH. |
| 245 ## - TITLE STATEMENT | |
| Title | Utilizing of new work analysis and spatial analysis for reducing traffic congestion in mao tse toung boulevard phnom penh, ការប្រើប្រាស់និង ដើម្បីកាត់បន្ថយភាពកកស្ទះចរាចរណ៍នៅផ្លូវម៉ៅសេទុង រាជធានីភ្នំពេញ |
| 260 ## - PUBLICATION, DISTRIBUTION, ETC. (IMPRINT) | |
| Place of publication, distribution, etc. | Phnom Penh |
| Name of publisher, distributor, etc. | RUA |
| Date of publication, distribution, etc. | 2011 |
| 300 ## - PHYSICAL DESCRIPTION | |
| Extent | x; 47p. |
| Other physical details | ill. |
| Dimensions | 29cm. |
| 942 ## - ADDED ENTRY ELEMENTS (KOHA) | |
| Source of classification or shelving scheme | |
| Koha item type | LMA |
| Price effective from | Date last seen | Permanent Location | Not for loan | Date acquired | Source of classification or shelving scheme | Koha item type | Lost status | Withdrawn status | Total Renewals | Date last checked out | Total Checkouts | Shelving location | Damaged status | Barcode | Current Location | Full call number |
|---|---|---|---|---|---|---|---|---|---|---|---|---|---|---|---|---|
| 2016-01-06 | 2016-07-22 | Library Block B | 2016-01-06 | LMA | 2016-06-30 | 1 | B310 | RUA025418 | Library Block B | LMA SRO 2011 B319 Or.1 | ||||||
| 2016-01-06 | 2016-05-19 | Library Block B | 2016-01-06 | LMA | 2016-05-19 | 2 | B310 | RUA025082 | Library Block B | LMA SRO 2011 B319 Or.2 | ||||||
| 2016-01-06 | 2016-01-06 | Library Block B | 2016-01-06 | LMA | B310 | RUA025021 | Library Block B | LMA SRO 2011 B319 Or.3 | ||||||||
| 2016-01-06 | 2024-11-29 | Library Block B | 2016-01-06 | LMA | 2024-11-11 | 1 | B310 | RUA018922 | Library Block B | LMA SRO 2011 B319 Or.4 | ||||||
| 2016-01-06 | 2025-08-18 | Library Block B | 2016-01-06 | LMA | 3 | 2025-06-30 | 4 | B310 | RUA038313 | Library Block B | LMA SRO 2011 B319 Or.5 | |||||
| 2016-01-06 | 2024-10-25 | Library Block B | 2016-01-06 | LMA | 1 | 2024-10-18 | 2 | B310 | RUA049284 | Library Block B | LMA SRO 2011 B319 Or.6 | |||||
| 2016-01-06 | 2016-01-06 | Library Block B | 2016-01-06 | LMA | B310 | RUA049267 | Library Block B | LMA SRO 2011 B319 Or.7 | ||||||||
| 2016-01-06 | 2016-04-06 | Library Block B | 2016-01-06 | LMA | 2016-03-30 | 1 | B310 | RUA048937 | Library Block B | LMA SRO 2011 B319 Or.8 | ||||||
| 2016-01-06 | 2024-11-22 | Library Block B | 2016-01-06 | LMA | 1 | 2024-11-04 | 1 | B310 | RUA049288 | Library Block B | LMA SRO 2011 B319 Or.9 |